Kultúrna diplomacia ako forma medzinárodnej komunikácie bakalárska práca

Guardado en:
Detalles Bibliográficos
Autor principal: Chudý, Šimon
Autor Corporativo: Fakulta medzinárodných vzťahov EU. Katedra medzinárodných politických vzťahov
Otros Autores: Krkošková, Zuzana
Formato: Libro
Lenguaje:eslovaco
Publicado: Bratislava 2017
Etiquetas: Agregar Etiqueta
Sin Etiquetas, Sea el primero en etiquetar este registro!

MARC

LEADER 00000nbm a2200000 4500
001 0232095
005 20180223122310.2
041 0 |a slo 
044 |a SK 
245 1 0 |a Kultúrna diplomacia ako forma medzinárodnej komunikácie  |b bakalárska práca  |c Šimon Chudý ; školiteľ: Zuzana Krkošková 
264 1 |a Bratislava  |c 2017 
300 |a 44 s. 
100 1 |a Chudý, Šimon 
700 1 |a Krkošková, Zuzana 
710 2 |a Fakulta medzinárodných vzťahov EU. Katedra medzinárodných politických vzťahov